[Event "ROM-chT2"]
[Site "Gilau"]
[Date "2018.10.07"]
[Round "1.4"]
[White "Mihalcescu, Alexandru"]
[Black "Osianu, Tudor"]
[Result "0-1"]
[WhiteElo "1718"]
[BlackElo "2011"]
[PlyCount "82"]
[EventDate "2018.10.07"]
[EventType "team-swiss"]
[EventRounds "9"]
[EventCountry "ROU"]
[SourceTitle "CBM 187 Extra"]
[Source "ChessBase"]
[SourceDate "2018.11.04"]
[SourceVersion "1"]
[SourceVersionDate "2018.11.04"]
[SourceQuality "1"]
[WhiteTeam "Cluj Viitorul"]
[BlackTeam "Cluj Napoca"]
[WhiteTeamCountry "ROU"]
[BlackTeamCountry "ROU"]

1. e4 g6 2. d4 Bg7 3. Nc3 d6 4. Bg5 Nd7 5. Qd2 c6 6. f4 Qa5 7. Nf3 e5 8. fxe5 dxe5 9. Bc4 Qb4 10. b3 b5 11. a3 Qd6 12. Be2 exd4 13. Bf4 Qc5 14. Nxb5 cxb5 15. Bd3 Ngf6 16. 0-0 0-0 17. Rae1 Ng4 18. b4 Qb6 19. Qe2 a6 20. h3 Nge5 21. g4 Nxf3+ 22. Qxf3 Ne5 23. Qg3 Nxd3 24. cxd3 Be6 25. Bd6 Rfe8 26. Bc5 Qb8 27. e5 Qd8 28. Rf4 Qd5 29. Bxd4 Qb3 30. Ra1 Rad8 31. g5 Rxd4 32. Rxd4 Qc3 33. Re4 Qxa1+ 34. Re1 Qxa3 35. Re3 Qxb4 36. Qg2 Bxe5 37. Kf1 Qf4+ 38. Ke2 Rd8 39. Qf1 Qh2+ 40. Qf2 Qxf2+ 41. Kxf2 Bd4 0-1

[Event "EU-ch U12 27th"]
[Site "Mamaia"]
[Date "2017.09.06"]
[Round "2"]
[White "Mihalcescu, Alexandru"]
[Black "Antal, Hunor Zoltan"]
[Result "0-1"]
[WhiteElo "1533"]
[BlackElo "1768"]
[PlyCount "90"]
[EventDate "2017.09.05"]
[EventType "swiss"]
[EventRounds "9"]
[EventCountry "ROU"]
[SourceTitle "CBM 180 Extra"]
[Source "ChessBase"]
[SourceDate "2017.10.06"]
[SourceVersion "1"]
[SourceVersionDate "2017.10.06"]
[SourceQuality "1"]

1. e4 c5 2. Nc3 Nc6 3. Bb5 Nd4 4. Bc4 g6 5. Nf3 e6 6. Nxd4 cxd4 7. Nb5 Qb6 8. c3 dxc3 9. dxc3 a6 10. Nd4 Bg7 11. 0-0 Qc7 12. Bb3 Nf6 13. Re1 d6 14. Nf3 Nd7 15. Bf4 e5 16. Be3 0-0 17. Nd2 b5 18. Bd5 Rb8 19. c4 Nc5 20. Bxc5 dxc5 21. Qc2 Bb7 22. Rac1 Rfc8 23. Nb3 Bxd5 24. exd5 Qd6 25. Red1 Bh6 26. Nd2 f5 27. Rb1 e4 28. cxb5 axb5 29. Nf1 c4 30. Qc3 b4 31. Qh3 Bf4 32. g3 Bg5 33. Ne3 Bxe3 34. fxe3 Rb5 35. Qf1 Rxd5 36. Rxd5 Qxd5 37. Rd1 Qc6 38. Rc1 c3 39. Rc2 Qd5 40. bxc3 Rxc3 41. Rxc3 bxc3 42. Qe2 Qd3 43. Qe1 c2 44. Kf2 Qd1 45. Qb4 Qf3+ 0-1

[Event "ROM-ch U12"]
[Site "Baile Felix"]
[Date "2017.02.07"]
[Round "7"]
[White "Prisacaru, Stefan Emilian"]
[Black "Mihalcescu, Alexandru"]
[Result "1-0"]
[WhiteElo "1595"]
[BlackElo "1498"]
[PlyCount "73"]
[EventDate "2017.02.02"]
[EventType "swiss"]
[EventRounds "9"]
[EventCountry "ROU"]
[SourceTitle "CBM 176 Extra"]
[Source "ChessBase"]
[SourceDate "2017.03.02"]
[SourceVersion "1"]
[SourceVersionDate "2017.03.02"]
[SourceQuality "1"]

1. d4 f5 2. c4 e6 3. Nf3 Nf6 4. Bf4 d6 5. e3 Be7 6. Bd3 b6 7. Nbd2 Bb7 8. Qc2 Nbd7 9. 0-0-0 Ng8 10. Bg3 g6 11. h3 Ngf6 12. e4 Nh5 13. exf5 Nxg3 14. fxg3 exf5 15. g4 f4 16. Rde1 Nf8 17. Re2 Kf7 18. Rhe1 Bf6 19. Be4 c6 20. Bd3 Bc8 21. Kb1 Be6 22. Ne4 Rc8 23. Nxf6 Qxf6 24. g5 Qd8 25. Qd2 d5 26. Qxf4+ Kg8 27. Rxe6 Nxe6 28. Rxe6 Kg7 29. Qe5+ Kf8 30. Rf6+ Kg7 31. Rd6+ Kf7 32. Qe6+ Kg7 33. Rd7+ Qxd7 34. Qxd7+ Kf8 35. Ne5 Rc7 36. Qxc7 dxc4 37. Qf7# 1-0

[Event "ROM-ch U12"]
[Site "Baile Felix"]
[Date "2017.02.06"]
[Round "6"]
[White "Tampea, Radu"]
[Black "Mihalcescu, Alexandru"]
[Result "1-0"]
[WhiteElo "1760"]
[BlackElo "1498"]
[PlyCount "33"]
[EventDate "2017.02.02"]
[EventType "swiss"]
[EventRounds "9"]
[EventCountry "ROU"]
[SourceTitle "CBM 176 Extra"]
[Source "ChessBase"]
[SourceDate "2017.03.02"]
[SourceVersion "1"]
[SourceVersionDate "2017.03.02"]
[SourceQuality "1"]

1. d4 Nf6 2. Bf4 g6 3. Nc3 Bg7 4. e4 d6 5. Qd2 b6 6. Nge2 Bb7 7. f3 Nbd7 8. Be3 Rc8 9. Bh6 0-0 10. 0-0-0 c5 11. h4 a6 12. h5 Bxh6 13. Qxh6 Qc7 14. hxg6 fxg6 15. Nf4 b5 16. Ne6 Qa5 17. Qg7# 1-0

[Event "ROM-ch U10"]
[Site "Calimanesti"]
[Date "2015.03.30"]
[Round "1"]
[White "Vilcu, Matei Stefan"]
[Black "Mihalcescu, Alexandru"]
[Result "1-0"]
[WhiteElo "1651"]
[BlackElo "1191"]
[PlyCount "84"]
[EventDate "2015.03.30"]
[EventType "swiss"]
[EventRounds "9"]
[EventCountry "ROU"]
[SourceTitle "CBM 165 Extra"]
[Source "ChessBase"]
[SourceDate "2015.04.21"]
[SourceVersion "1"]
[SourceVersionDate "2015.04.21"]
[SourceQuality "1"]

1. e4 c5 2. Nf3 d6 3. c4 Nf6 4. Nc3 e5 5. d3 h6 6. Be2 Be6 7. h3 Nbd7 8. Be3 Be7 9. Qd2 Qc7 10. Nd5 Qd8 11. b4 b6 12. Rb1 Rb8 13. 0-0 0-0 14. Rb2 Re8 15. Rfb1 Kh7 16. Qc2 Kh8 17. Qa4 Ra8 18. bxc5 dxc5 19. Qb3 Bd6 20. Qc3 Kh7 21. a4 Bxd5 22. cxd5 a5 23. Nd2 Qc7 24. Nc4 Reb8 25. Rb5 Ra7 26. Qb2 Ra6 27. Bd2 Ne8 28. Bc3 Nef6 29. f4 Bf8 30. Nxe5 Kg8 31. Nc6 Rc8 32. Qd2 Kh7 33. Bf3 Kh8 34. e5 Ne8 35. d6 Qb7 36. Nxa5 Qa7 37. Nc6 Qb7 38. Ne7 Qb8 39. Nxc8 Qxc8 40. Bd5 Rxa4 41. Bxf7 Nb8 42. Rxb6 Ra8 1-0